10 biggest states in the USA - Statistics

General Stats
  • This quiz has been taken 80 times
  • The average score is 9 of 10
Answer Stats
Hint Procent of USA Answer % Correct
2 7,07% Texas
100%
1 17,53% Alaska
97%
3 4,31% California
97%
4 3,87% Montana
83%
5 3,20% New Mexico
83%
6 3,00% Arizona
81%
7 2,91% Nevada
81%
10 2,58% Wyoming
79%
8 2,74% Colorado
77%
9 2,59% Oregon
73%
No matching quizzes found
Score Distribution
Percent of People with Each Score
Percentile by Number Answered
Your Score History
You have not taken this quiz